000 00703cam a2200253 4500
008 000000n2001 000 0 eng u
020 _a1860721265
035 _a(Sirsi) u112778
100 _aLee-Kelley, E.
245 _aOne stop financial management
260 _aLondon
_bICSA Publishing Ltd
_c2001
300 _avii, 216p. $2 4cm.
350 _a16.95
650 _aMANAGEMENT-BUSINESS MANAGEMENT-FINANCIAL MANAGEMENT-ACCOUNTING
650 _aBOOK KEEPING
650 _aBUDGETING
650 _aCOSTING
650 _aDEPRECIATION
650 _aFINANCIAL MANAGEMENT
650 _aFUNDING
650 _aINVESTMENT APPRAISAL
690 _aMANAGEMENT-BUSINESS MANAGEMENT
942 _n0
999 _c101471
_d101471